| 000 | 00705cam a2200193 a 4500 | ||
|---|---|---|---|
| 020 | _a047113290X (cloth : alk. paper) | ||
| 040 | _cDLC | ||
| 082 | 0 | 0 | _a658 WIL 1996 A039 Or. |
| 100 | 1 | _aTomasko, Robert M. | |
| 245 | 1 | 0 |
_aGo for growth : _bfive paths to profit and success--choose the right one for you and your company / |
| 260 |
_aNew York : _bWiley, _cc1996. |
||
| 300 |
_axvi, 302 p. ; _c24 cm. |
||
| 650 | 0 | _aReengineering (Management) | |
| 650 | 0 | _aSuccess in business. | |
| 856 | 4 | 2 | _uhttp://www.loc.gov/catdir/bios/wiley041/95044836.html |
| 856 | 4 | 2 | _uhttp://www.loc.gov/catdir/description/wiley031/95044836.html |
| 856 | 4 | _uhttp://www.loc.gov/catdir/toc/onix01/95044836.html | |
| 942 | _cEK | ||
| 999 |
_c12004 _d12004 |
||